000 00588nam a2200181Ia 4500
003 GCL
005 20240530095300.0
008 140319s9999 xx 000 0 ara d
040 _aGCL /
_cGCL
082 0 4 _a031
_bم/ع م
100 1 _aعبدالفتاح مراد
245 1 0 _aموسوعة مصطلحات العولمة والاقلمة /
_cعبدالفتاح مراد
300 _a1851 ص ؛
_c24 سم
650 0 4 _aمنظمة التجارة العالمية
650 0 4 _aالعولمة - مصطلحات
650 0 4 _aالاقلمه - دوائر المعارف
942 _2ddc
_cBK
999 _c5749
_d5749